000 00346nam a2200133 i 4500
001 183618
003 ES-MaACL
005 20230906221931.0
008 140905s1905 sp |||| | spa d
245 0 4 _aLas ligas antiduelistas y el duelo.
260 _aBarcelona :
_b[s.n.],
_c1905.
650 0 4 _aDuelos.
_911988
852 _aES-MaACL
_jT-1075-F-11
999 _c183618
_d183618